LEADER 01368nam a2200301 i 4500 001 000000153889 003 CaOOAMICUS 005 20061004000000.0 008 061004s1995 it u000 u ita u 013 $a131235 020 $a88-16-95101-X 040 $aSeMil$bita 100 1 $aLorandi, Marco.$0(OLS)http://semarc/name/54078 245 13$aIl mito di Ulisse nella pittura a fresco del Cinquecento Italiano /$cMarco Lorandi ; con la collaborazione di Orietta Pinessi. 260 $aMilano :$bJaca Book,$c1995. 300 $a635 p., [78] p. di tav. :$bill. ;$c23 cm. 490 0 $aEdizioni universitarie Jaca ;$v101. 500 $aContiene : Bibliografia moderna. 650 4$aPittura italiana - Sec. 16.$0(OLS)http://semarc/subject/2167 650 4$aUlisse - Iconografia - Sec. 16.$0(OLS)http://semarc/subject/30107 700 1 $aPinessi, Orietta.$0(OLS)http://semarc/name/60217 830 0$aEdizioni universitarie Jaca ;$v101.$0(OLS)http://semarc/title/5907 850 $aSeMil 852 $aSeMil$W1$xVenegono$y1$m5O IX 11$j220515$B105773$CSeMilBibl$Z2$F115108 $81 961 $aOmaggio: Altro 996 $6020$a88-16-95101-X$9(OLS)http://semarc/number/143759 996 $6245$aIl mito di Ulisse nella pittura a fresco del Cinquecento Italiano$9(OLS)http://semarc/title/225162 996 $6260$aMilano :$bJaca Book$9(OLS)http://semarc/publisher/29781 LEADER 01417nam a2200313 i 4500 001 000000230392 003 CaOOAMICUS 005 20140606000000.0 008 140606s1936 it u000 u ita u 013 $a209294 040 $aSeMil$bita 100 1 $aBossuet, Jacques-Bénigne,$c.$0(OLS)http://semarc/name/1094 245 10$aNostra Signora :$bpiccola antologia mariana composta sulle opere di Bossuet per il mesedi maggio /$cBossuet, Rouvier. 250 $a2. ed. 260 $aMilano [etc.] :$bÀncora,$c1936. 300 $a224 p. ;$c16 cm. 490 0 $aCapolavori ascetici e mistici 500 $aFondo card. Giovanni Colombo. 650 4$aMaggio.$0(OLS)http://semarc/subject/9046 650 4$aMaria - Culto.$0(OLS)http://semarc/subject/35061 650 4$aMaria - Devozione popolare.$0(OLS)http://semarc/subject/4865 700 1 $aRouvier.$0(OLS)http://semarc/name/17941 830 0$aCapolavori ascetici e mistici.$0(OLS)http://semarc/title/6720 850 $aSeMil 852 $aSeMil$W1$xVenegono$y1$m3GC I 75$j180738$B180738$CSeMilBibl$Z2$F192477 $8B 941 1 $a3 961 $aLascito: Colombo Card. Giovanni 996 $6245$aNostra Signora :$bpiccola antologia mariana composta sulle opere di Bossuet per il mesedi maggio$9(OLS)http://semarc/title/329172 996 $6260$aMilano [etc.] :$bÀncora$9(OLS)http://semarc/publisher/32331